000 01354cam a22004097i 4500
001 data
005 20260322212121.0
008 data
035 _a18685150
906 _a7
_bcbc
_ccopycat
_d2
_encip
_f20
_gy-gencatlg
925 0 _aacquire
_b1 shelf copy
_xpolicy default
010 _a 2014904746
020 _a9781489701596
_qhc
020 _a1489701591
_qhc
020 _a9781489701602
_qsc
020 _z9781489701619 (e)
035 _a(OCoLC)903900272
040 _aMOS
_beng
_erda
_cMOS
_dDLC
_dDLC
042 _alccopycat
043 _an-us---
050 0 0 _aTX715
_b.B849142 2014
082 0 4 _a641.5
_223
100 1 _aBroussard, Aimee,
_eauthor.
245 1 4 _aThe traveling apron cookbook :
_ba delicious journey of food, friendship, and family traditions /
_cAimee Broussard.
264 1 _aBloomington, IN :
_bLifeRich Publishing,
_c[2014]
264 4 _c©2014
300 _aix, 117 pages :
_bcolor illustrations ;
_c26 cm.
336 _atext
_btxt
_2rdacontent
337 _aunmediated
_bn
_2rdamedia
338 _avolume
_bnc
_2rdacarrier
650 0 _aCooking, American.
650 0 _aCooking.
650 7 _aCooking.
_2fast
_0(OCoLC)fst01754966
650 7 _aCooking, American.
_2fast
_0(OCoLC)fst01753224
655 7 _aCookbooks.
_2lcgft
999 _c1844
_d1844